Calcul mental #2 - Statistiques

Statistiques générales
  • Ce quiz a été pris 45 fois
  • Le résultat moyen est 42 sur 50
Statistiques - réponses
Opération Réponse % Correct
-7 + 6 = -1
97%
-2 + -9 = -11
97%
5 x -2 = -10
95%
-8 x ? = 64 -8
95%
7 + 9 = 16
90%
2 + 3 = 5
90%
6 - -1 = 7
90%
-10 - -2 = -8
90%
-3 + -6 -9
90%
-3 : 3 = -1
87%
3 + ? = 13 10
87%
-2 x -6 = 12
87%
-16 : 8 -2
87%
-7 x -4 = 28
87%
15 : ? = -5 -3
87%
3² + 5² = 34
87%
-50 : -10 5
87%
? + 2 = 7 5
87%
2 - -4 = 6
87%
? : 9 = 8 72
87%
2 x ? = -16 -8
87%
6 - -3 = 9
87%
? - 5 = -6 -1
85%
30 : ? = -3 -10
85%
? : -4 = -4 16
85%
12 : ? = 6 2
85%
-5 x ? = -45 9
85%
-4 - ? = -2 -2
82%
-9 + ? = -13 -4
82%
? + 6 = 2 -4
82%
7 x -7 = -49
82%
-17 - -8 = -9
82%
-8 x ? = -16 2
79%
5 - 3 = 2
79%
6 x 9 = 54
79%
-14 - ? = -8 -6
79%
-6 - 1 = -7
79%
9² + 4² = 97
79%
3 + ? = 1 -2
77%
8 + ? = 6 -2
77%
4 + ? = 1 -3
77%
-32 : ? = 8 -4
77%
? x 3 = 30 10
74%
-2 x -1 = 2
74%
? : -6 = 6 -36
74%
? : -9 = 6 -54
74%
? x 5 = -50 -10
72%
? : 4 = -8 -32
72%
8² - 3² = 55
69%
54 : -6 = -9
69%
Aucun quiz correspondant
Distribution des résultats
% des personnes avec chaque résultat
Percentile par nombre de réponses
Votre historique - résultats
Vous n’avez pas pris ce quiz